000 00611nam a2200241Ia 4500
003 OSt
005 20221007072502.0
006 a|||||r|||| 00| 0
007 ta
008 221006b |||||||| |||| 00| 0 eng d
024 _a18,114
037 _cTextual
040 _aFLL
_cFLL
_beng
041 _2eng
_aeng
082 _aZb4, N0
100 _aFarrar John H.
_9690763
245 0 _aIntroduction to legal method
250 _a3rd
260 _aLondon
_bSweet & Maxwell England
_c1990
300 _a338p
_ccm.
942 _hZb4, N0
_cTEXL
_2CC
999 _c1146222
_d1146222